01581cam a22003494a 45000010009000000050017000090080041000260100017000670150019000840160018001030200031001210350023001520400062001750420008002370500022002450820019002671000023002862450086003092500012003952600047004073000024004545040064004785050278005426500019008206500046008396500023008856500041009086500041009496510079009906510079010698560083011481438557220170105102919.0060522s2007 dcu b 001 0 eng  a 2006016477 aGBA6752252bnb7 a0135423522Uk a9781597970624 (alk. paper) a(OCoLC)ocm69423194 aDLCcDLCdBAKERdUKMdC#PdYUSdIXAdYDXCPdYDXdPULdDLC apcc00aCB251b.P274 200700a909/.098212221 aPalmer, Michael A.14aThe last crusade :bAmericanism and the Islamic reformation /cMichael A. Palmer. a1st ed. aWashington, D.C. :bPotomac Books,cc2007. ax, 273 p. ;c24 cm. aIncludes bibliographical references (p. 249-259) and index.0 a1. "Slay the idolaters wherever you find them" -- 2. "The ruin of civilization" -- 3. The rise of the West -- 4. "God's American Israel" -- 5. "The sick man of Europe" -- 6. War, oil, and Israel -- 7. "The Middle East version of Teddy Roosevelt" -- 8. The American crusade. 0aEast and West. 0aIslamic civilizationxWestern influences. 0aIslamic modernism. 0aCivilization, Westerny20th century. 0aCivilization, Westerny21st century. 0aUnited StatesxCivilizationy20th centuryxForeign public opinion, Muslim. 0aUnited StatesxCivilizationy21st centuryxForeign public opinion, Muslim.413Table of contents onlyuhttp://www.loc.gov/catdir/toc/ecip0614/2006016477.html